Ontario Skylines Quiz - Statistics

General Stats
  • This quiz has been taken 63 times
  • The average score is 6 of 9
Answer Stats
Picture Answer % Correct
Toronto
100%
Mississauga
91%
Ottawa
91%
Niagara Falls
85%
Hamilton
68%
London
64%
Kitchener
53%
Sudbury
43%
Guelph
32%
No matching quizzes found
Score Distribution
Percent of People with Each Score
Percentile by Number Answered
Your Score History
You have not taken this quiz